000 00269nam a2200109Ia 4500
008 190216s9999||||xx |||||||||||||| ||und||
100 _aBauer W W
245 0 _aTodays Health Guide
260 _b"American Medical Association,America"
650 _aEnglish
942 _cREF
999 _c35251
_d35251